| 000 | 00706nam a2200265Ia 4500 | ||
|---|---|---|---|
| 003 | OSt | ||
| 005 | 20221006151212.0 | ||
| 006 | a|||||r|||| 00| 0 | ||
| 007 | ta | ||
| 008 | 221006b |||||||| |||| 00| 0 jpn d | ||
| 020 | _c¥1800 | ||
| 024 | _a21,283 | ||
| 037 |
_bGift, Japan Foundation _cTextual |
||
| 040 |
_aEASL _cEASL _bjpn |
||
| 041 |
_2jpn _ajpn |
||
| 082 | _aY:1.495.N84, M5 | ||
| 100 |
_aITO Abito Ed. _9658557 |
||
| 245 | 0 | _aMotto shiritai kankoku | |
| 260 |
_aTokyo _bKobundo Japan _c1985 |
||
| 300 |
_a301p. _ccm. |
||
| 490 | _v JL | ||
| 650 | _aJL | ||
| 942 |
_hY:1.495.N84, M5 _cTEXL _2CC |
||
| 999 |
_c1089369 _d1089369 |
||